عرض عادي
عرض مارك
- إسرائيل
دخول Geographic Name
001 - CONTROL NUMBER
- control field: 27341
003 - CONTROL NUMBER IDENTIFIER
- control field: AE-AdECS
005 - DATE AND TIME OF LATEST TRANSACTION
- control field: 20260318045652.0
008 - FIXED-LENGTH DATA ELEMENTS
- fixed length control field: 260318|| aca||aabn | a|a d
040 ## - CATALOGING SOURCE
- Original cataloging agency: AE-AdECS
- Transcribing agency: AE-AdECS
151 ## - HEADING--GEOGRAPHIC NAME
- Geographic name: إسرائيل
- General subdivision: السياسة الخارجية
670 ## - SOURCE DATA FOUND
- Source citation: Work cat.: (AE-AdECS)294427: التقدير الإستراتيجي لإسرائيل 2016 - 2017 (فصول مختارة) = Strategic Survey for Israel 2016 - 2017 (Selected Chapters) /
